[Event "Olympiad Women 2024"]
[Site "Budapest HUN"]
[Date "2024.09.15"]
[Round "5.54"]
[Board "4"]
[White "Tsai, Sophie Yi-Hsuan"]
[Black "Watson, Gabriella"]
[Result "1/2-1/2"]
[WhiteElo "1668"]
[BlackElo "1826"]
[PlyCount "71"]
[EventDate "2024.09.11"]
[WhiteTeam "Chinese Taipei"]
[BlackTeam "Jamaica"]
[BlackTeamCountry "JAM"]

1. e4 c6 2. d4 d5 3. exd5 cxd5 4. Bd3 Nc6 5. c3 Qc7 6. Ne2 Bg4 7. O-O Nf6 8. Qe1 e6 9. f3 Bh5 10. Bf4 ({RR} 10. Qh4 Bg6 11. Bxg6 fxg6 12. Nf4 Kf7 13. Nd3 e5 14. dxe5 Nxe5 15. Nxe5+ Qxe5 16. Re1 Bc5+ 17. Kh1 Qf5 18. Nd2 g5 19. Qg3 Rae8 20. Nf1 Bd6 21. Rxe8 Rxe8 22. Qxd6 Re1 23. h3 Qd3 24. Kh2 Qxf1 {0-1 Kamsky,G (2666)-Suleymanli,A (2547) Chess.com Rapid Wk25 Swiss 2022 (3)}) 10... Qd8 $146 ({RR} 10... Bd6 11. Bxd6 Qxd6 12. Nd2 Bg6 13. Qb1 O-O-O 14. f4 Ng4 15. h3 Nh6 16. Ng3 Rhg8 17. Qc2 Ne7 18. Bxg6 Nxg6 19. Nh5 Kb8 20. Rae1 Ne7 21. Qd3 Nhf5 22. Nf3 Ng6 23. Ne5 Qc7 24. g4 Nd6 25. Ng3 {0-1 Terzi,A (2321)-Bluebaum,M (2643) Titled Tuesday intern op 1st Oct blitz 2019 (7)}) ({RR} 10... Bd6 11. Bxd6 Qxd6 12. Nd2 Bg6 13. Bxg6 hxg6 14. Qg3 Qxg3 15. hxg3 Ke7 16. g4 b5 17. a3 a5 18. b4 Ne8 19. Nb3 Nd6 20. Nc5 axb4 21. axb4 Nc4 22. Nf4 Rhc8 23. Rfe1 Kd6 24. g5 Nd8 25. Kh2 {1-0 Shuvalova,P (2455)-Mahdian,A (2069) Swiss Queens Wed #3 2024 (8.142)}) ({RR} 10... Bd6 11. Bxd6 Qxd6 12. Qh4 Bg6 13. Bxg6 fxg6 14. Nd2 O-O 15. Nb3 e5 16. Nc5 b6 17. Nd3 Rfe8 18. Rfe1 exd4 19. cxd4 Re3 20. Ndf4 Rae8 21. Rac1 h6 22. Qf2 g5 23. Nh3 Nb4 24. Nc3 Nd3 25. Rxe3 {0-1 Sebt Rasoul,S (2012)-Moaataz,A (2028) Djerba Online (Women) blitz 2020 (1)}) 11. Nd2 Bg6 12. Bxg6 hxg6 13. Nb3 Nh5 14. Nc5 Nxf4 15. Nxf4 Bxc5 16. dxc5 O-O 17. Rd1 Re8 18. Qf2 a5 19. Rfe1 Qc7 20. Qh4 Ne7 21. Nd3 Nf5 22. Qa4 e5 23. Kh1 Rad8 24. Rd2 Re7 25. Qd1 e4 26. fxe4 dxe4 27. Nc1 Rxd2 28. Qxd2 Qxc5 29. Nb3 Qc7 30. Nd4 e3 31. Qd3 Nxd4 32. Qxd4 Qe5 33. Kg1 Qg5 34. h4 Qg3 35. Re2 Kh7 36. Qd3 1/2-1/2

[Event "Olympiad Women 2024"]
[Site "Budapest HUN"]
[Date "2024.09.15"]
[Round "5.55"]
[Board "1"]
[White "Rouda Essa, Alserkal"]
[Black "Seine, Rose Berline"]
[Result "1-0"]
[WhiteElo "2036"]
[BlackElo "1778"]
[PlyCount "53"]
[EventDate "2024.09.11"]
[WhiteTeam "United Arab Emirates"]
[BlackTeam "Haiti"]
[WhiteTeamCountry "UAE"]
[BlackTeamCountry "HAI"]

1. e4 e5 2. Nf3 Nc6 3. Bb5 a6 4. Ba4 Be7 5. O-O Nf6 6. Re1 b5 7. Bb3 d6 8. c3 O-O 9. h3 Re8 10. d4 exd4 11. cxd4 Na5 12. Bc2 Bb7 13. a3 d5 14. e5 Ne4 $146 ({RR} 14... Nd7 15. Nc3 Nb6 16. Qd3 g6 17. e6 f5 18. g4 fxg4 19. Ne5 Bf6 20. Nxg6 hxg6 21. Qxg6+ Bg7 22. Qf7+ Kh8 23. Qh5+ Kg8 24. Bh7+ Kh8 25. Bg6+ Kg8 26. Qh7+ Kf8 27. Re5 Qe7 28. Rf5+ {1-0 Kleijn,C (2137)-Jung,G (1499) Bad Zwesten op 9th 2005 (1)}) 15. Nc3 f5 16. exf6 Nxf6 17. Qd3 h6 18. Bxh6 Ne4 19. Nxe4 dxe4 20. Rxe4 Bxe4 21. Qxe4 Bf6 22. Qh7+ Kf8 23. Bd2 Nc4 24. Bb4+ Nd6 25. Bb3 a5 26. Qg8+ Ke7 27. Qf7# 1-0

[Event "Olympiad Women 2024"]
[Site "Budapest HUN"]
[Date "2024.09.15"]
[Round "5.55"]
[Board "2"]
[White "Cadeau, Merisena"]
[Black "Mariam, Essa"]
[Result "1/2-1/2"]
[WhiteElo "1671"]
[BlackElo "1779"]
[PlyCount "89"]
[EventDate "2024.09.11"]
[WhiteTeam "Haiti"]
[BlackTeam "United Arab Emirates"]
[WhiteTeamCountry "HAI"]
[BlackTeamCountry "UAE"]

1. d4 Nf6 2. c4 e6 3. Nc3 Bb4 4. Nf3 c5 5. a3 Bxc3+ 6. bxc3 O-O 7. Bg5 ({RR} 7. g3 b6 8. Bg2 Bb7 9. d5 d6 10. O-O Qe7 11. Nh4 Nbd7 12. Re1 Ne5 13. e4 Nxc4 14. Bf1 Ne5 15. c4 Ng6 16. Ng2 b5 17. cxb5 exd5 18. exd5 Qd7 19. Ne3 Rfe8 20. Bb2 Nxd5 21. Nxd5 Rxe1 {1-0 Tabatabaei,M (2623)-So,W (2778) Berlin FIDE GP 3 KO 2022 (1.2)}) 7... Qa5 8. Qc1 $146 ({RR} 8. Bd2 d6 9. e3 Re8 10. Be2 e5 11. O-O Nc6 12. Qc2 e4 13. Ne1 Bf5 14. Qb2 Qc7 15. f3 b6 16. fxe4 Bxe4 17. Nd3 Re7 18. Nf4 Rae8 19. Rf2 Qc8 20. h3 Na5 21. Raf1 cxd4 22. cxd4 Nxc4 {0-1 Leijes,A-Kursova,M (2208) RUS-ch U18 Girls 2001 (3)}) ({RR} 8. Nd2 Qxc3 9. dxc5 Ne4 10. Rc1 Qa5 11. Be3 Nc6 12. g3 Nxc5 13. Bg2 b6 14. O-O Bb7 15. Ne4 Nxe4 16. Bxe4 Rfd8 17. c5 bxc5 18. Rxc5 Qxa3 19. Qd6 Na5 20. Bxh7+ Kxh7 21. Rh5+ Kg8 22. Qxa3 {1-0 Baskin,R (2451)-Womacka,M (2396) Titled Tue 2nd May Late 2023 (4)}) ({RR} 8. Qc2 Ne4 9. Bd2 f5 10. e3 Qc7 11. Bd3 Nd6 12. O-O b6 13. Ne5 Nc6 14. Nxc6 Qxc6 15. f3 Ba6 16. d5 Qc8 17. e4 Nxc4 18. Bf4 e5 19. Qe2 fxe4 20. fxe4 exf4 21. Bxc4 Bxc4 22. Qxc4 Qe8 {0-1 Herman,J (2105)-Udeshi,A (2378) Wch U20 50th 2011 (1)}) 8... Ne4 9. Be7 Re8 10. Bxc5 Nxc5 11. dxc5 Qxc5 12. e3 b6 13. Be2 Ba6 14. Nd2 Nc6 15. Ne4 Qe7 16. Qd2 d5 17. cxd5 exd5 18. Bxa6 dxe4 19. O-O Rad8 20. Qc2 Rd5 21. Rfd1 Ra5 22. Bc4 Rxa3 23. Rxa3 Qxa3 24. Bb5 Qc5 25. Qa4 g6 26. Bxc6 Rc8 27. Bb7 Rc7 28. Qa5 a6 29. Qxa6 Qxc3 30. Qxb6 Rd7 31. Rb1 Qc2 32. h3 Rd2 33. Rf1 Kg7 34. Qb4 f5 35. Qe7+ Kh6 36. Qf8+ Kg5 37. h4+ Kh5 38. Qf6 h6 39. Ba6 Rd1 40. Qe5 Rxf1+ 41. Bxf1 Qd1 42. g3 g5 43. Qxf5 Qxf1+ 44. Kh2 Qg1+ 45. Kxg1 1/2-1/2

[Event "Olympiad Women 2024"]
[Site "Budapest HUN"]
[Date "2024.09.15"]
[Round "5.55"]
[Board "3"]
[White "Anoud Eisa Bashkardi"]
[Black "Dunat, Kineberlie"]
[Result "1-0"]
[WhiteElo "1811"]
[BlackElo "1582"]
[PlyCount "105"]
[EventDate "2024.09.11"]
[WhiteTeam "United Arab Emirates"]
[BlackTeam "Haiti"]
[WhiteTeamCountry "UAE"]
[BlackTeamCountry "HAI"]

1. e4 e5 2. Nf3 Nc6 3. Bb5 d6 4. d4 exd4 5. Nxd4 Bd7 6. O-O Nxd4 7. Bxd7+ Qxd7 8. Qxd4 Nf6 9. Nc3 Be7 10. h3 O-O 11. Be3 ({RR} 11. b3 Ne8 12. Nd5 c6 13. Bb2 Nf6 14. Nxe7+ Qxe7 15. Rfe1 Rfd8 16. Rad1 Ne8 17. c4 f6 18. Rd3 Nc7 19. Rg3 Kh8 20. Qd2 Ne6 21. f4 Re8 22. Kh2 Rad8 23. Bc3 Nc5 24. Rge3 Qf7 25. Qb2 Re7 {½-½ Shuvalova,P (2484)-Osmak,I (2425) Speed Chess (Women) Q3 blitz 2021 (13)}) 11... h6 ({RR} 11... a6 12. Rad1 Qe6 13. Rfe1 Nd7 14. Nd5 Rfc8 15. f4 Bf6 16. Qd3 c6 17. Nc3 Bxc3 18. Qxc3 Nf6 19. e5 dxe5 20. Bd4 Nd5 21. Qf3 e4 22. Rxe4 Qh6 23. Rde1 Nf6 24. Re7 Kf8 25. Rxb7 Nd5 26. f5 {1-0 Korpics,Z (2300)-Vifleemskaia,S (1947) Titled Tue 14th Feb Early 2023 (8)}) 12. Rad1 Qc6 13. f4 Rad8 $146 ({RR} 13... b6 14. Kh2 Rfe8 15. Rfe1 Rad8 16. Re2 Nh7 17. Bd2 Bf6 18. Qd3 Re6 19. Rde1 Rde8 20. b3 Rd8 21. Nd5 Ree8 22. c4 Qd7 23. e5 dxe5 24. fxe5 Bg5 25. Bxg5 Nxg5 26. Qg3 Kh8 27. h4 Ne6 28. Rf2 {1-0 Toth,M (2088)-Raonic,V Backa Topola-ch 2012 (2)}) 14. f5 a6 15. g4 Nh7 16. Nd5 Bf6 17. Nxf6+ Nxf6 18. g5 hxg5 19. Bxg5 Qb6 20. Bxf6 gxf6 21. Qxb6 cxb6 22. Rd4 Rd7 23. Rfd1 Rfd8 24. c4 Kf8 25. Kf2 Ke7 26. h4 Rh8 27. Kg3 Rdd8 28. b4 Rdg8+ 29. Kh3 Rd8 30. a4 a5 31. bxa5 bxa5 32. Rb1 Rb8 33. Rb6 Rhd8 34. Rd5 Rd7 35. Rxa5 Rc8 36. Rb4 Rdc7 37. Ra7 Rb8 38. a5 Rd7 39. a6 b6 40. Rxd7+ Kxd7 41. a7 Ra8 42. Ra4 Kc6 43. h5 Kb7 44. h6 Kc6 45. h7 Kb7 46. Kh4 Kc7 47. Kh5 Kd7 48. Kh6 Ke7 49. Kg7 b5 50. cxb5 d5 51. h8=Q Rxh8 52. Kxh8 Kd6 53. a8=Q 1-0

[Event "Olympiad Women 2024"]
[Site "Budapest HUN"]
[Date "2024.09.15"]
[Round "5.55"]
[Board "4"]
[White "Belgarde, Roudena"]
[Black "Almaamari, Zainab Darwish"]
[Result "0-1"]
[WhiteElo "1540"]
[BlackElo "1661"]
[PlyCount "144"]
[EventDate "2024.09.11"]
[WhiteTeam "Haiti"]
[BlackTeam "United Arab Emirates"]
[WhiteTeamCountry "HAI"]
[BlackTeamCountry "UAE"]

1. e4 c5 2. Nc3 e6 3. Bc4 a6 4. a3 b5 5. Be2 ({RR} 5. Ba2 Bb7 6. d3 Nc6 7. f4 b4 8. Nce2 d5 9. e5 Nh6 10. Nf3 Nf5 11. O-O Be7 12. Bd2 a5 13. a4 Qb6 14. Kh1 h5 15. Ng3 g6 16. Nxf5 gxf5 17. h4 O-O-O 18. c3 Rdg8 19. Ng5 Bxg5 {0-1 Trnovec,M (2145)-Romanishin,O (2600) Dresden op 07th 1998 (2)}) 5... Bb7 ({RR} 5... Qc7 6. Nf3 Nc6 7. O-O Nf6 8. d3 Be7 9. Be3 O-O 10. Nd2 Bb7 11. Nb3 Rad8 12. Nxc5 Bxc5 13. Bxc5 Rfe8 14. Qd2 d6 15. Be3 d5 16. exd5 exd5 17. Bf4 Qc8 18. h3 d4 19. Nd1 Ba8 20. Bg5 {1-0 Damasio,F (1296)-Sikorski,V 10th Floripa Open 2024 (3.209)}) 6. d3 Be7 7. Nf3 $146 ({RR} 7. Bf3 d5 8. exd5 exd5 9. Nge2 Nf6 10. O-O O-O 11. Bf4 h6 12. Ng3 Nc6 13. Nce2 g5 14. Bd2 g4 15. Bxh6 Re8 16. Qd2 Kh8 17. Nf5 Ne5 18. Qg5 Ng6 19. Bg7+ Kh7 20. Qh6+ Kg8 21. Nf4 Nh7 {1-0 Afrin Jahan,M (1647)-Nusrat Jahan,A (1712) BAN Games 9th 2021 (5.4)}) 7... Nf6 8. O-O O-O 9. Bd2 d5 10. exd5 exd5 11. Na2 Nc6 12. Nh4 Qd7 13. g3 Nd4 14. f3 Nxe2+ 15. Qxe2 d4 16. Qe5 Nd5 17. Qf5 Qc6 18. Ng2 Bc8 19. Qe4 f5 20. Qe2 Bf6 21. Rac1 Re8 22. Qf2 Ne3 23. Rfe1 Be6 24. b3 Bd5 25. Nxe3 dxe3 26. Bxe3 Bb2 27. Rb1 Bxa3 28. Kg2 c4 29. dxc4 bxc4 30. b4 c3 31. Nc1 Rab8 32. Nd3 Ba2 33. Ra1 Qc4 34. Bc5 Bb2 35. Rad1 Qb5 36. Qd4 Red8 37. Qf4 Qa4 38. Re2 Re8 39. Rde1 Rxe2+ 40. Rxe2 Re8 41. Rf2 Bb1 42. Qc4+ Kh8 43. Qf7 Ba2 44. Qxf5 Be6 45. Qg5 Qd7 46. Qh4 Bf5 47. Nf4 Bc1 48. Nh5 Re1 49. Bd4 Bh3+ 50. Qxh3 Rg1+ 51. Kxg1 Qxh3 52. Nxg7 Kg8 53. Re2 Qd7 54. Re4 Qa4 55. Bxc3 Qxc2 56. Bd4 Qb3 57. Nf5 Bg5 58. Rg4 Qb1+ 59. Kg2 Qc2+ 60. Kf1 Qd3+ 61. Kg2 Qc2+ 62. Kf1 Qd1+ 63. Kf2 Qc2+ 64. Kf1 Qxf5 65. Kg2 h5 66. Re4 Bd2 67. h4 Bxb4 68. Re5 Qd3 69. Rg5+ Kf7 70. Ba7 Qe2+ 71. Kh3 Qxf3 72. Bd4 Qh1# 0-1

[Event "Olympiad Women 2024"]
[Site "Budapest HUN"]
[Date "2024.09.15"]
[Round "5.56"]
[Board "1"]
[White "Quevedo, Andreina"]
[Black "Ollet, Myra"]
[Result "1-0"]
[WhiteElo "1851"]
[BlackElo "1658"]
[PlyCount "53"]
[EventDate "2024.09.11"]
[WhiteTeam "Uruguay"]
[BlackTeam "Guam"]
[WhiteTeamCountry "URU"]
[BlackTeamCountry "GMA"]

1. e4 d6 2. d4 Nf6 3. Nc3 c6 4. f4 e6 5. Nf3 Nbd7 ({RR} 5... Be7 6. Bd3 b5 7. O-O b4 8. Ne2 Ba6 9. e5 Nd5 10. Bxa6 Nxa6 11. a3 c5 12. c3 Qa5 13. Bd2 bxc3 14. Nxc3 Nxc3 15. Bxc3 Qb5 16. exd6 Bxd6 17. d5 O-O 18. dxe6 Bxf4 19. Qd5 Nc7 20. Qe4 {0-1 Kravtsiv,M (2593)-Dimakiling,O (2453) Al Ain op 1st 2012 (8)}) ({RR} 5... Be7 6. Be2 Qa5 7. O-O Qb6 8. e5 dxe5 9. fxe5 Nd5 10. Nxd5 cxd5 11. Ng5 Bxg5 12. Bxg5 Nc6 13. Be3 Nxe5 14. Bb5+ Bd7 15. Bxd7+ Nxd7 16. Qf3 Nf6 17. b3 O-O 18. Rad1 Ne4 19. c4 f5 20. cxd5 {½-½ Theephigaa K P (1692)-Shanmathi Sree S (1802) Swiss Queens Wed #9 2024 (4.216)}) 6. Bd3 Qc7 7. e5 $146 ({RR} 7. a4 e5 8. Be3 a5 9. Qd2 Be7 10. h3 O-O 11. g4 exd4 12. Nxd4 Nc5 13. Nf5 Nxd3+ 14. Qxd3 Bxf5 15. gxf5 Rad8 16. O-O-O d5 17. e5 d4 18. Bxd4 c5 19. Qc4 Qb8 20. Bf2 Nd7 21. Nd5 Rfe8 {1-0 Pribyl,J (2440)-Hock,M Prague Vysehrad-A 1990 (3)}) ({RR} 7. Qe2 a6 8. O-O Be7 9. e5 Nd5 10. Nxd5 cxd5 11. f5 dxe5 12. fxe6 fxe6 13. Nxe5 Nf6 14. Rxf6 Bxf6 15. Qh5+ g6 16. Bxg6+ Kf8 17. Bh6+ Ke7 18. Bg5 Bxg5 19. Qxg5+ Kd6 20. Nf7+ Kc6 21. Nxh8 hxg6 {1-0 Goldberg,A (1475)-Freimann,G (1567) Western States op 2006 (5)}) 7... dxe5 8. fxe5 Nd5 9. Nxd5 cxd5 10. O-O h6 11. Nh4 Nxe5 12. dxe5 Qxe5 13. Bb5+ Ke7 14. Re1 Qd6 15. Nf5+ Kf6 16. Nxd6 Bxd6 17. Qf3+ Kg6 18. Bd3+ f5 19. b3 Bd7 20. Bb2 Kf7 21. Bxf5 Ke7 22. Bxe6 Rhf8 23. Bxd7+ Kxd7 24. Qxd5 Kc7 25. Be5 Rad8 26. Bxd6+ Rxd6 27. Re7+ 1-0

[Event "Olympiad Women 2024"]
[Site "Budapest HUN"]
[Date "2024.09.15"]
[Round "5.56"]
[Board "2"]
[White "Ramas, Carmina Jasmine"]
[Black "Fabra, Nahiara"]
[Result "1/2-1/2"]
[WhiteElo "1712"]
[BlackElo "1932"]
[PlyCount "87"]
[EventDate "2024.09.11"]
[WhiteTeam "Guam"]
[BlackTeam "Uruguay"]
[WhiteTeamCountry "GMA"]
[BlackTeamCountry "URU"]

1. d4 d5 2. Bf4 Nf6 3. e3 Bf5 4. c4 e6 5. Qb3 b6 6. Nc3 Bd6 ({RR} 6... c6 7. Rc1 Bd6 8. Bxd6 Qxd6 9. cxd5 exd5 10. Nf3 Nbd7 11. Be2 O-O 12. O-O h6 13. Rfd1 Rfe8 14. Bd3 Bxd3 15. Rxd3 c5 16. Qa3 Qe6 17. dxc5 Nxc5 18. Rdd1 Nce4 19. Nxe4 dxe4 20. Nd4 Qe5 21. Nc6 {1-0 Howell,D (2667)-Ali Abdullahi,F (1879) Titled Tue 8th Nov Late 2022 (6)}) 7. Bg3 dxc4 $146 ({RR} 7... Bxg3 8. hxg3 O-O 9. Nf3 c5 10. dxc5 bxc5 11. Nh4 d4 12. Nxf5 dxc3 13. Nh4 Qd2# {0-1 Valero Roca,R (1377)-Puertolas Perez,A (1743) Foment Martinenc op-B 22nd 2022 (5)}) ({RR} 7... O-O 8. Rc1 c6 9. Nf3 Bxg3 10. hxg3 Nbd7 11. Be2 h6 12. O-O Rc8 13. cxd5 exd5 14. Qa3 a5 15. Qd6 b5 16. Qe5 Bh7 17. g4 b4 18. Na4 Ne4 19. Ba6 Rc7 20. Rfd1 f5 21. gxf5 Bxf5 22. Qh2 {0-1 Povah,N (2202)-Kjartansson,M (1893) Reykjavik Open 2024 (4.63)}) ({RR} 7... Bxg3 8. hxg3 O-O 9. Nf3 h6 10. Ne5 c6 11. Be2 Qc7 12. Qa4 Rc8 13. O-O Nbd7 14. cxd5 exd5 15. Bd3 Be6 16. Ba6 b5 17. Qc2 Rcb8 18. Nxb5 Qb6 19. Nxc6 Qxa6 20. Nc7 Qb6 21. Nxb8 Rxb8 22. Nxe6 {1-0 Pastor Montero,R-Gomez Serrano,J Malaga-ch 2004 (5.23)}) 8. Bxc4 O-O 9. Nf3 Bxg3 10. hxg3 Nc6 11. Be2 Qe7 12. Nh4 Rad8 13. Nxf5 exf5 14. Qb5 Nb4 15. Qxf5 g6 16. Qb1 Rfe8 17. a3 Nbd5 18. Nxd5 Nxd5 19. O-O Nxe3 20. fxe3 Qxe3+ 21. Rf2 Rxd4 22. Bf3 Rd2 23. Qf1 Rxb2 24. Rd1 Rxf2 25. Qxf2 Qxa3 26. Bc6 Rf8 27. Kh1 Qc3 28. Qf3 Qc5 29. Rd7 Qc1+ 30. Rd1 Qc5 31. Rd7 Qc1+ 32. Rd1 Qc4 33. Bd5 Qc5 34. Bc6 a5 35. Rd7 Qe5 36. Bd5 Qe8 37. Rxc7 b5 38. Ra7 a4 39. Bc6 Qe5 40. Rb7 Qb2 41. Bxb5 Qc1+ 42. Bf1 a3 43. Ra7 Qh6+ 44. Kg1 1/2-1/2

[Event "Olympiad Women 2024"]
[Site "Budapest HUN"]
[Date "2024.09.15"]
[Round "5.56"]
[Board "3"]
[White "Silva Rosas, Natalia"]
[Black "Estur, Grace Co"]
[Result "1-0"]
[WhiteElo "1868"]
[BlackElo "1586"]
[PlyCount "95"]
[EventDate "2024.09.11"]
[WhiteTeam "Uruguay"]
[BlackTeam "Guam"]
[WhiteTeamCountry "URU"]
[BlackTeamCountry "GMA"]

1. e4 e5 2. f4 d6 3. Bc4 Nf6 4. Nc3 Be7 5. Nf3 Nc6 6. f5 Nd4 ({RR} 6... Na5 7. d3 Nxc4 8. dxc4 b6 9. Qe2 g6 10. Bg5 h6 11. Bh4 c6 12. O-O-O Qc7 13. Rhf1 g5 14. Bf2 Bb7 15. Rd2 O-O-O {½-½ Dimitrijevic,A (2369)-Mohr,G (2486) Maribor Pirc Memorial 11th 2003 (1)}) ({RR} 6... Nxe4 7. Bxf7+ Kxf7 8. Nxe4 d5 9. Nfg5+ Kg8 10. Qh5 Qf8 11. Ng3 h6 12. Ne6 Bxe6 13. fxe6 Qf6 14. Qg4 Rf8 15. Rf1 Qg5 16. Qe2 Nd4 17. d3 Nxe2 18. Bxg5 Nxg3 19. Rxf8+ Kxf8 20. Bxe7+ Kxe7 21. hxg3 {½-½ Grobbelaar,J (1517)-Campher,K South African op 2022 (10)}) 7. d3 c6 8. a3 $146 ({RR} 8. Be3 Nxf3+ 9. Qxf3 b5 10. Bb3 a5 11. a4 b4 12. Ne2 d5 13. c4 dxe4 14. dxe4 c5 15. O-O Bb7 16. Ng3 Qd3 17. Bd1 O-O-O 18. Be2 Qc2 19. Rab1 Bxe4 20. Nxe4 Qxe4 21. Qf2 Qc6 22. b3 Rhg8 {0-1 Sidali,B-Roussat,F (1681) Cappelle Online Rapid op 2021 (8)}) 8... Rb8 9. O-O b5 10. Ba2 Qc7 11. Be3 Nxf3+ 12. Qxf3 b4 13. axb4 Rxb4 14. Bb3 a5 15. Ra2 O-O 16. Rfa1 Rxb3 17. cxb3 Qb8 18. Qd1 Bd8 19. h3 d5 20. Bc5 Re8 21. Bf2 Qb4 22. Ra4 Qd6 23. g4 Nd7 24. Qf3 d4 25. Ne2 Nc5 26. R4a3 Na6 27. Ng3 Nb4 28. Qe2 Ba6 29. Rd1 Re7 30. g5 c5 31. f6 gxf6 32. Nf5 Qe6 33. Nxe7+ Qxe7 34. gxf6 Qxf6 35. Qg4+ Kf8 36. Qg3 Bc7 37. Raa1 Qe6 38. Rac1 Qxb3 39. Qg5 Bxd3 40. Qg4 Bd6 41. Qc8+ Kg7 42. Qg4+ Kf8 43. Rd2 Nc2 44. Bh4 Ne3 45. Qg5 Nc4 46. Qd8+ Kg7 47. Rg2+ Kh6 48. Qg5# 1-0

[Event "Olympiad Women 2024"]
[Site "Budapest HUN"]
[Date "2024.09.15"]
[Round "5.56"]
[Board "4"]
[White "Nacario, Ruth"]
[Black "Cardozo, Camila"]
[Result "0-1"]
[WhiteElo "1607"]
[BlackElo "1673"]
[PlyCount "172"]
[EventDate "2024.09.11"]
[WhiteTeam "Guam"]
[BlackTeam "Uruguay"]
[WhiteTeamCountry "GMA"]
[BlackTeamCountry "URU"]

1. d4 d5 2. c4 e6 3. Nc3 Nf6 4. Bg5 Nbd7 5. e3 Be7 6. cxd5 exd5 7. Bd3 c6 8. Qc2 O-O 9. Nf3 Re8 10. O-O Nf8 11. h3 g6 12. Bh6 Ne6 13. Rad1 ({RR} 13. Ne5 Ng7 14. g4 Nd7 15. f4 Nxe5 16. fxe5 Bg5 17. Bxg5 Qxg5 18. Qf2 Be6 19. Kh2 h5 20. gxh5 Qxh5 21. Qg3 Qh6 22. Rf3 Re7 23. Rg1 Kh7 24. Ne2 Rh8 25. Nf4 Bf5 26. Bxf5 Nxf5 27. Qg4 Qh4 {1-0 Sarana,A (2712)-Duda,J (2733) Titled Tue 18th Jun Late 2024 (7)}) ({RR} 13. Ne5 Ng7 14. g4 Nd7 15. f4 Nxe5 16. fxe5 Bg5 17. Bxg5 Qxg5 18. Qf2 Rf8 19. e4 Be6 20. Be2 Rad8 21. Rad1 Qe7 22. a3 Ne8 23. Rd3 dxe4 24. Nxe4 Bd5 25. Nc3 Nc7 26. h4 c5 27. dxc5 Qxe5 {1-0 Ouellet,M (2267)-Jiang,K (1882) Canadian Women Zonal 2024 (6.2)}) 13... Ng7 14. e4 $146 ({RR} 14. g4 Nxg4 15. hxg4 Bxg4 16. Be2 Bd6 17. Bxg7 Bxf3 18. Bxf3 Kxg7 19. Bg2 f5 20. Ne2 Qh4 21. Rfe1 Re7 22. Kf1 Rae8 23. a3 h5 24. Ng1 Qf6 25. Qd3 g5 26. Re2 g4 27. Rde1 h4 28. f4 Rh8 {0-1 Schatzberg,W-Geissler,D (2095) GER-ch Seniors int 10th 1998 (5)}) 14... dxe4 15. Nxe4 Nxe4 16. Bxe4 Bf5 17. Bd3 Bxd3 18. Rxd3 Nf5 19. Bf4 Ng7 20. Qb3 Qb6 21. Qc3 Rad8 22. Rfd1 Bb4 23. Qc2 Rd5 24. a3 Bf8 25. Be5 Ne6 26. Rb3 Rb5 27. Rxb5 Qxb5 28. Rd3 Qd5 29. b4 a5 30. Rb3 axb4 31. axb4 Bg7 32. Bxg7 Kxg7 33. Rd3 Rd8 34. Qd2 Qd6 35. g3 Qd5 36. Kh2 b6 37. Qc3 Kg8 38. Rd2 Qe4 39. h4 h5 40. Rd1 c5 41. bxc5 bxc5 42. Qe3 Qd5 43. Qe2 cxd4 44. Ne1 Nc7 45. Nd3 Re8 46. Qb2 Ne6 47. Re1 Qf3 48. Qb5 Rd8 49. Qc4 Qd5 50. Qa6 Rd6 51. Qc8+ Rd8 52. Qa6 Ra8 53. Qb6 Ra2 54. Qb8+ Kg7 55. Rf1 Qf3 56. Qb1 Rd2 57. Ne5 Rxf2+ 58. Rxf2 Qxf2+ 59. Kh3 Qf5+ 60. Qxf5 gxf5 61. Nd3 Kf6 62. Kg2 Ng7 63. Kf3 Ke6 64. Kf4 f6 65. Kf3 Kd5 66. Nc1 Kc4 67. Ke2 Ne6 68. Kd2 Nc5 69. Kc2 Ne4 70. Nd3 Nxg3 71. Nf4 Ne4 72. Nd3 Ng3 73. Nf4 Nf1 74. Nxh5 d3+ 75. Kd1 Kc3 76. Nf4 Ne3+ 77. Ke1 d2+ 78. Ke2 d1=Q+ 79. Kxe3 Qd4+ 80. Kf3 Qe4+ 81. Kg3 Qe3+ 82. Kg2 Qxf4 83. Kh3 Qg4+ 84. Kh2 f4 85. Kh1 f3 86. Kh2 Qg2# 0-1

[Event "Olympiad Women 2024"]
[Site "Budapest HUN"]
[Date "2024.09.15"]
[Round "5.57"]
[Board "1"]
[White "Johnson, Gabriella"]
[Black "Georgina Sackie"]
[Result "0-1"]
[WhiteElo "1896"]
[BlackElo "1688"]
[PlyCount "90"]
[EventDate "2024.09.11"]
[WhiteTeam "Trinidad & Tobago"]
[BlackTeam "Liberia"]
[BlackTeamCountry "LBR"]

1. e4 c6 2. d4 d5 3. exd5 cxd5 4. Bd3 Nc6 5. c3 Nf6 6. h3 Qc7 7. Nf3 e6 8. Be3 ({RR} 8. O-O Bd6 9. Re1 h6 10. Qe2 O-O 11. Ne5 Ne7 12. Nd2 b6 13. Nf1 Bb7 14. Ng3 Rad8 15. Bf4 Rfe8 16. Rad1 Ng6 17. Bc1 Bxe5 18. dxe5 Ne4 19. Nxe4 dxe4 20. Bxe4 Rxd1 21. Qxd1 Rd8 22. Qh5 Bxe4 {0-1 Yuan,Q (2360)-Praggnanandhaa,R (2747) Titled Tue 11th Jun Late 2024 (3)}) ({RR} 8. O-O Bd6 9. Qe2 Bd7 10. Re1 O-O-O 11. a4 h6 12. Na3 a6 13. b4 Ne7 14. b5 a5 15. c4 Bb4 16. Bd2 dxc4 17. Nxc4 Ned5 18. Bxb4 axb4 19. Rec1 Nc3 20. Qb2 Nfd5 21. b6 Qf4 22. a5 Bb5 {0-1 Tqebuchava,Z (2303)-Copeland,S (2163) Titled Tue 9th Jan Early 2024 (4)}) 8... Be7 9. Nbd2 a6 $146 ({RR} 9... O-O 10. O-O Bd7 11. Re1 {½-½ Mayer,I (2106)-Schenkerik,C (2116) Budapest FS07 FM-C 2012 (10)}) 10. O-O h6 11. Rc1 g5 12. Nh2 Bd6 13. Ng4 Nxg4 14. Qxg4 Be7 15. Qh5 e5 16. Be2 Be6 17. Bg4 O-O-O 18. Bxe6+ fxe6 19. dxe5 Qxe5 20. Bd4 Qf4 21. Be3 Qf6 22. Nf3 e5 23. Rfd1 Kb8 24. Qg4 Rdg8 25. Rxd5 h5 26. Qe4 Bd6 27. Bc5 Bc7 28. Nh2 g4 29. h4 Qxh4 30. Bd6 Qg5 31. Bxc7+ Kxc7 32. Rcd1 h4 33. Rd7+ Kb8 34. Qe3 g3 35. Nf3 gxf2+ 36. Qxf2 Qg4 37. R1d6 h3 38. Rd2 hxg2 39. Qxg2 Qxf3 40. Rd8+ Nxd8 41. Rxd8+ Rxd8 42. Qxf3 Rdg8+ 43. Kf2 Rf8 44. Ke3 Rxf3+ 45. Kxf3 Kc7 0-1

[Event "Olympiad Women 2024"]
[Site "Budapest HUN"]
[Date "2024.09.15"]
[Round "5.57"]
[Board "2"]
[White "Meleh M. Davis"]
[Black "Hermoso Rodriguez, Ysvett"]
[Result "0-1"]
[WhiteElo "1602"]
[BlackElo "1943"]
[PlyCount "60"]
[EventDate "2024.09.11"]
[WhiteTeam "Liberia"]
[BlackTeam "Trinidad & Tobago"]
[WhiteTeamCountry "LBR"]

1. d4 d5 2. c4 c6 3. Nc3 Nf6 4. Bg5 dxc4 5. a4 Nd5 6. Bd2 ({RR} 6. e4 Nxc3 7. bxc3 b5 8. Nf3 g6 9. axb5 cxb5 10. d5 Bg7 11. Nd4 Bd7 12. Be2 a5 13. Rb1 a4 14. Nxb5 Bxb5 15. Rxb5 Bxc3+ 16. Bd2 Bxd2+ 17. Qxd2 O-O 18. Bxc4 Qc7 19. Ba2 Nd7 20. O-O Rfb8 {½-½ Timofeev,A (2646)-Galkin,A (2618) RUS-chT 13th 2006 (7)}) ({RR} 6. e4 Nxc3 7. bxc3 b5 8. Nf3 Qb6 9. Be2 Bg4 10. O-O e6 11. Be3 Qb7 12. Rb1 a6 13. Bxc4 Nd7 14. Be2 Bd6 15. h3 Bh5 16. c4 b4 17. c5 Bc7 18. e5 a5 19. Nd2 Bxe2 20. Qxe2 Qa6 {1-0 Llanos,G (2288)-Bold,A (2194) Titled Tue 3rd Oct Early 2023 (6)}) 6... Nxc3 $146 ({RR} 6... Bf5 7. e3 Bd3 8. Bxd3 cxd3 9. Nf3 Nb4 10. O-O Nd7 11. Qb3 Nc2 12. Rad1 Qb6 13. Qa2 Nb4 14. Qc4 e6 15. Ne4 Qa5 16. b3 Qd5 17. Bxb4 Qxc4 18. bxc4 Bxb4 19. Rxd3 Nb6 20. c5 Nxa4 21. Rb3 {1-0 Akunov,M (1858)-Beishembaev,B (1874) KGZ-ch HL Bishkek 2018 (5)}) 7. bxc3 b5 8. e4 Qc7 9. Ne2 Nd7 10. g3 Bb7 11. Bg2 e5 12. O-O Be7 13. Qb1 a6 14. dxe5 Nc5 15. axb5 cxb5 16. Nd4 Qxe5 17. Nxb5 Nb3 18. Bf4 Qxb5 19. Ra2 O-O 20. Qc2 Rfd8 21. Qe2 a5 22. Rb1 a4 23. Bf1 Ba6 24. Bc1 Qd7 25. e5 Bb5 26. Qe4 Rac8 27. Be2 Bc6 28. Qxc4 Qh3 29. Bf1 Rd1 30. Qe2 Qg2# 0-1